Sok minden megváltozott... Kérdezett: Imreh István
Elmentve itt :
| Szerző: | |
|---|---|
| Adatforrás: | Meister |
| Forrásdokumentuma: | Korunk. - 6 sz., 1999, 60-61 p. |
| Nyelv: | magyar |
| Kulcsszavak: | színháztörténet-interjú színjátszás |
| LEADER | 00382nab a2200133 i 4500 | ||
|---|---|---|---|
| 001 | bibPRO00003647 | ||
| 008 | 060524s1999 xx hun | ||
| 040 | |a Sz1 | ||
| 041 | |a hun | ||
| 100 | 1 | |a KALI Andrea | |
| 245 | 1 | 0 | |a Sok minden megváltozott... Kérdezett: Imreh István |c KALI Andrea |
| 695 | |a színháztörténet-interjú | ||
| 695 | |a színjátszás | ||
| 773 | 0 | |t Korunk. - |g 6 sz., 1999, 60-61 p. | |